| 000 | 01206nam a2200289 4500 | ||
|---|---|---|---|
| 001 | 0000013083 | ||
| 003 | CO-CtgCURN | ||
| 005 | 20250429224010.0 | ||
| 008 | 160627s1993 000 0 eng d | ||
| 020 | _a8485252993 | ||
| 040 |
_aCO-CtgCURN _bspa _ccoctgcurn |
||
| 082 | 0 |
_a372.634 _bP742d |
|
| 100 | 1 | _aPortellano Pérez, José Antonio. | |
| 245 | 1 | 3 |
_aLa disgrafia : _bconcepto, diagnostico y tratamiento de los trastornos de escritura / _cJosé Antonio Portellano Pérez. |
| 260 |
_aMadrid : _bCepe Ciencias de la Educación Preescolar y Especial Cepe, _c1993. |
||
| 300 | _a169 p. | ||
| 336 | _2rdacontent | ||
| 337 |
_2rdamedia _asin mediacion _bn |
||
| 338 |
_2rdacarrier _avolumen _bnc |
||
| 490 | 1 |
_aColección especial ; _v21 |
|
| 504 | _aBibliografias (p. 171 ) | ||
| 505 | 8 | _aBases neuropsicologicas de la escritura concepto etiología y diagnostico de la disgrafia.--Concepto de la disgrafia.--Etiología de la disgrafia.--La reeducación de la disgrafia.--Reeducación de la disgrafia.--Motricidad | |
| 650 | 0 |
_aEscritura _vEnseñanza. |
|
| 908 | _a160627 | ||
| 942 |
_cBK _h372.634 _iP742d _2ddc |
||
| 999 |
_c34762 _d34762 _x1 |
||